Vállalati felelősségvállalás az Exxon Valdez olajkatasztrófa környezeti, gazdasági és társadalmi hatásának bemutatásával

Bibliographic Details
Main Author: Hidvégi Orsolya
Other Authors: Antalóczy Dr. Katalin
Format: Thesis
Kulcsszavak:Fenntartható fejlődés
Vállalati felelősségvállalás
Olajpiac
Katasztrófa
Környezetvédelem
Online Access:http://dolgozattar.uni-bge.hu/3864

MARC

LEADER 00000nta a2200000 i 4500
001 dolg3864
005 20160620103104.0
008 151207suuuu hu om 000 hun d
040 |a BGE Dolgozattár Repozitórium  |b hun 
041 |a hu 
100 1 |a Hidvégi Orsolya 
245 1 0 |a Vállalati felelősségvállalás az Exxon Valdez olajkatasztrófa környezeti, gazdasági és társadalmi hatásának bemutatásával  |c Hidvégi Orsolya  |h [elektronikus dokumentum] 
695 |a Fenntartható fejlődés 
695 |a Vállalati felelősségvállalás 
695 |a Olajpiac 
695 |a Katasztrófa 
695 |a Környezetvédelem 
700 1 |a Antalóczy Dr. Katalin  |e ths 
856 4 0 |u http://dolgozattar.uni-bge.hu/3864/1/Hidv%C3%A9gi%20Orsolya_Szakdolgozat_2015_IUTYR2.pdf  |z Dokumentum-elérés